| 000 | 00514nam a22001577a 4500 | ||
|---|---|---|---|
| 005 | 20180619130638.0 | ||
| 035 | _aA-900132 | ||
| 037 | _bBPPD/PUB | ||
| 082 | _a631.3 | ||
| 100 | _aRaizada Prabhakar | ||
| 245 |
_aText Book Office Practice and Management _cby Prabhakar Raizada |
||
| 260 |
_aNew Delhi _bPitambar Publishing Company PVT. LTD. _c1997 |
||
| 270 |
_aG-12, Udyog Nagar Rohtak Industrial Area _bNew Delhi _e110041 |
||
| 300 |
_a310p _c25cm (HB) |
||
| 942 |
_2ddc _cEN _mRAI _h651.3 |
||
| 999 |
_c152825 _d152825 |
||